000 00430nam a2200181Ia 4500
001 571
005 20260306140527.0
008 260306t1990||||xx |||||||||||||| ||spa||
041 _aESP
082 _a128
_bF334
100 _aFeher, Michel
_eAUT
245 0 _aFragmentos para una historia del cuerpo humano
260 _c1990
300 _a498 páginas :
_c24 cm.
650 _aGEN
654 _aCHU
942 _cLIB
_dJUS
_fJUS
_2ddc
_n
999 _c571
_d571